| 000 | 00772nam a22002657a 4500 | ||
|---|---|---|---|
| 003 | CHAP | ||
| 005 | 20220329140901.0 | ||
| 008 | 971013s1982 r 00010 d | ||
| 010 | _a59240 | ||
| 011 | _a60212 | ||
| 035 | _a64372 | ||
| 040 | _cCHAP | ||
| 082 |
_a636.089 _bP7 1982 |
||
| 245 | _aProntuario de especialidades veterinarias | ||
| 250 | _a7 ed. | ||
| 260 |
_aMéxico : _bCentro Profesional de Publicaciones, _c1982 |
||
| 300 | _a466 p. | ||
| 590 |
_aBATCH-UPD _b10 _c20130110 _lUCH01 _h0309 |
||
| 590 |
_aCONVERSION _b10 _c20130109 _lUCH01 _h1332 |
||
| 650 | 1 | 4 |
_aVeterinaria _xLaboratorios. _9119000 |
| 650 | 1 | 4 |
_aVeterinaria _xMedicamentos. _9119002 |
| 901 | _aBK | ||
| 942 | _cLIBRO | ||
| 949 |
_a636.089 P7 1982 _bBC _cMUT _d-140154 _eMUT _h62237 _i64372 _mD _si |
||
| 999 |
_c59240 _d59240 |
||